000 00431nmm a2200157Ia 4500
008 251105s9999||||xx |||||||||||||||||und||
020 _a9788416110650
041 _aspa
100 _aRomero Otero, Sara
245 0 _aFeroces como el viento
264 _a[Madrid, España] :
_bExLibric,
_c2016
300 _a272 páginas
650 _aSpanish narrative
856 _uhttps://public.digitaliapublishing.com/a/85386
942 _cCF
999 _c77270
_d77270